Famous Cameo Appearances on Seinfeld - Statistics

General Stats
  • This quiz has been taken 134 times
    104 since last reset
  • The average score is 12 of 44
Answer Stats
Episodes Character Answer % Correct
S6 Ep4 "The Chinese Woman" as Lawyer, Multiple voice cameos The Caped Lawyer/Frank Costanza's Lawyer & The voice of George Steinbrenner Larry David
76%
5 Episodes: Season 6, Season 8 & Season 9 Tim Whatley the Dentist Bryan Cranston
72%
S4 Ep19 "The Implant", S4 Ep24 "The Pilot - Part 2", S9 Ep23 "The Finale - Part 2" Sidra Holland Teri Hatcher
71%
11 episodes: Season 6 & Season 9 David Puddy Patrick Warburton
55%
S6 Ep24 "The Understudy" Herself Bette Midler
49%
S5 Ep18 & S5 Ep19 "The Raincoats - Parts 1 & 2" Aaron(The Close Talker) Judge Reinhold
46%
S3 Ep23 "The Keys" Murphy Brown Candice Bergen
45%
S5 Ep17 "The Wife" Meryl(Jerry's Girlfriend) Courteney Cox
45%
S8 Ep17 "The English Patient", S9 Ep4 "The Blood" Izzy Mandelbaum Lloyd Bridges
45%
S7 Ep17 "The Doll", S9 Ep13 "The Cartoon" Sally Weaver Kathy Griffin
44%
S3 Ep17 & S3Ep18 "The Boyfriend - Parts 1 &2",S9 Ep23 "The Finale - Part 2" Himself Keith Hernandez
41%
S5 Ep6 "The Non-Fat Yoghurt" Himself Rudy Giuliani
38%
S4 Ep16 "The Shoes" Molly Dalrymple(George stared too long at her cleavage) Denise Richards
33%
4 Episodes: Season 4 & Season 9 Marla Penny the Virgin(Jerry's Girlfriend) Jane Leeves
32%
S6 Ep19 "The Jimmy" Himself Mel Tormé
32%
S6 Ep8 "The Mom and Pop Store" Himself Jon Voight
31%
S8 Ep12 "The Money" Emily(Kramer's Girlfriend) Sarah Silverman
31%
S7 Ep 17 "The Friar's Club" Bob Grossberg(Elaine's co-worker with the hearing aid) Rob Schneider
29%
S7 Ep15 "The Cadillac - Part 2" Herself Marisa Tomei
26%
S9 Ep9 "The Apology" Jason Hanky(The recovering alcoholic) James Spader
24%
S8 Ep19 "The Yada Yada" Dr. Abbot(Mickey's father - the dentist) Robert Wagner
23%
S5 Ep2 "The Puffy Shirt" Himself Bryan Gumbel
22%
S5 Ep9 "The Masseuse" Jodi the Masseuse(Jerry's Girlfriend) Jennifer Coolidge
22%
S8 Ep9 "The Abstinence" Ben the (almost) Doctor Bob Odenkirk
19%
S8 Ep9 "The Abstinence" Himself David Letterman
19%
S4 Ep1 "The Trip - Part 1" Himself George Wendt
18%
S5 Ep10 "The Cigar Store Indian" Himself Al Roker
14%
S5 Ep3 "The Glasses" Amy(Jerry's Girlfriend) Anna Gunn
14%
S4 Ep1 "The Trip - Part1" Himself Corbin Bernsen
14%
S9 Ep7 "The Slicer" Dr. Sara Sitarides(Jerry's Girlfriend - the dermatologist) Marcia Cross
14%
S4 Ep1 "The Trip - Part 1" Himself Fred Savage
13%
S8 Ep16 "The Pothole", S9 Ep1 "The Butter Shave" Jenna(Jerry and later Bania's Girlfriend) Kristin Davis
13%
S9 Ep18 "The Frogger" Slippery Pete Peter Stormare
13%
4 Episodes: Season 7, Season 8 & Season 9 Sue Ellen Mischke Brenda Strong
12%
S5 Ep12 "The Stall" Tony(Elaine's Boyfriend) Dan Cortese
9%
S6 Ep1 "The Chaperone", S6 Ep3 "The Pledge Drive" Himself Danny Tartabull
9%
S2 Ep11 "The Chinese Restaurant" Bruce the maitre d' James Hong
9%
S2 Ep3 "The Jacket" Alton Benes(Elaine's father) Lawrence Tierney
9%
S9 Ep3 "The Serenity Now" Patty(Jerry's Girlfriend) Lori Loughlin
9%
S3 Ep16 "The Fix-Up" Cynthia(George's Girlfriend) Maggie Wheeler
6%
S9 Ep5 "The Junk Mail" Jack - The Wiz Toby Huss
4%
S9 Ep12 "The Reverse Peephole" Silvio the Landlord Jon Polito
3%
S3 Ep6 "The Parking Garage" The Scientologist Cynthia Ettinger
1%
S8 Ep21 "The Muffin Tops" Alex(Jerry's Girlfriend) Melinda Clarke
0%
No matching quizzes found
Score Distribution
Percent of People with Each Score
Percentile by Number Answered
Your Score History
You have not taken this quiz since the last reset